000
00289nam a2200109Ia 4500
008
220204s9999 xx 000 0 und d
082
_a
338.43.01
_b
ABD;1
100
_a
Abdul Rahim Mokhzani, B
245
0
_a
Rural development in South East Asia
260
_a
Bombay
_b
Vikas
_c
1979
942
_c
BK
999
_c
31092
_d
31092